Statistics for Merged Titles of Famous Movies Quiz

Click here to take the quiz!

General Stats

  • This quiz has been taken 47 times
  • The average score is 16 of 19

Answer Stats

Movie % Correct
One Flew Over the Cuckoo's Nest
98%
Back to the Future
98%
The Lion King
98%
The Godfather
96%
Gladiator
96%
Ghostbusters
96%
Schindler's List
93%
Return of the Jedi
93%
How to Train Your Dragon
91%
The King's Speech
89%
Lawrence of Arabia
87%
Slumdog Millionaire
84%
The Green Mile
84%
Dances with Wolves
82%
The Wolf of Wall Street
82%
The Departed
69%
Airplane!
67%
The Apartment
49%
Moonlight
11%

Score Distribution

Percentile by Number Answered

Percent of People with Each Score

Your Score History

You have not taken this quiz